00285nam a2200121Ia 45000030006000000080041000060400015000471000018000622450023000802600031001035460012001340050017001460STCL150530s9999 xx 000 0 und d aSTCLcSTCL aPhilips, E.G. aCourse of Analysis bCambridge universityc1930 aEnglish20220125165955.0